Kiegészítések Szőreg monográfiájához

Elmentve itt :
Bibliográfiai részletek
Szerző: Péter László
Dokumentumtípus: Cikk
Megjelent: 1981-01-16
Sorozat:Délmagyarország 71 No. 13
Online Access:http://dmarchiv.bibl.u-szeged.hu/98663
LEADER 00433nab a2200145 i 4500
001 delm98663
005 20190619144603.0
008 190619s1981 hu o 0|| hun d
040 |a SZTE Délmagyarország Archívum  |b hun 
041 |a hun 
100 1 |a Péter László 
245 1 0 |a Kiegészítések Szőreg monográfiájához  |h [elektronikus dokumentum] /  |c  Péter László 
260 |c 1981-01-16 
300 |a 5 
490 0 |a Délmagyarország  |v 71 No. 13